Datum a čas kvízu
34.5
Celkem bodů
Celkový počet nahraných bodů na tomto kvízu bez doplňovacích otázek.
4.
Pořadí na kvízu
Konečné umístění týmu na tomto kvízu.
Zaznamenané odpovědi
| # | Otázka | Odpověď | Body | Výsledky |
|---|---|---|---|---|
| 1. | Slovenští poslanci schválili n... | 6 km za hodinu | 1 | |
| 2. | Absolutní konec v české politi... | Jana Maláčová | 1 | |
| 3. | Jedna z nejpoužívanějších apli... | ChatGPT | 1 | |
| 4. | Z vítězství v páté řadě realit... | mořského koníka | 0 | |
| 5. | Projekt zcela nového stadionu... | v Ostravě | 0 | |
| 6. | Začneme základní otázkou. Kter... | číslem 2 | 1 | |
| 7. | Kterou barvou je na mapě vyzna... | červenou | 1 | |
| 8. | Díváme se na podobiznu bezespo... | Simon Bolívar | 1 | |
| 9. | Jak se jmenuje jedna z největš... | Orinoko (španělsky Río Orinoco) | 1 | |
| 10. | Vzhledem k přírodním podmínkám... | kukuřice | 0 |